00537nam a2200193Ia 450000500170000000800410001702000150005808200130007310000160008624500420010226000400014430000140018465000080019865000120020665000110021894200060022995200950023599900130033020240722023646.0240331s9999 xx 000 0 und d a0500270880 a210bMOO aMookergee,A 4aThe tantric way :bart science,ritual aLondonbThames and Hudson Ltdc1977 a 208 p ., aArt aScience aRitual cL 001040708LaWERCLbWERCLcSSCd2024-03-31l0o 210 MOOp3970r2024-03-31w2024-03-31yL c812d812